Symbolic logic and language: a programmed text
Αποθηκεύτηκε σε:
| Κύριοι συγγραφείς: | , |
|---|---|
| Μορφή: | Βιβλίο |
| Γλώσσα: | Αγγλικά |
| Έκδοση: |
Nueva York
McGraw-Hill
1965
|
| Θέματα: | |
| Ετικέτες: |
Προσθήκη ετικέτας
Δεν υπάρχουν, Καταχωρήστε ετικέτα πρώτοι!
|
MARC
| LEADER | 00000nam a2200000 a 4500 | ||
|---|---|---|---|
| 001 | UCQ8690 | ||
| 003 | CL-VaPUC | ||
| 008 | 981217e19650000US |||||||||||||||||eng|d | ||
| 082 | 0 | 4 | |a 511.3 |b DIC |2 21 |
| 100 | 0 | |a Dickoff, James |e author |9 422787 | |
| 700 | 0 | |a James, Patricia |e author |9 422788 | |
| 245 | 1 | 0 | |a Symbolic logic and language: a programmed text |
| 300 | |a 390 p | ||
| 942 | |c BK | ||
| 945 | |d 19981217 00:00:00 |a cmena | ||
| 260 | |a Nueva York |b McGraw-Hill |c 1965 | ||
| 650 | 0 | |a Lógica matemática |9 262442 | |
| 650 | 0 | |a Lógica simbólica |9 269868 | |
| 650 | 7 | |a DEDUCCION |2 CL-VaPUC |9 336246 | |
| 650 | 0 | |a Inducción |9 324566 | |
| 650 | 7 | |a LINGUISTICA MATEMATICA |2 CL-VaPUC |9 270484 | |
| 583 | |a last modification |c 19981217 00:00:00 |k Rodrigo Vera | ||
| 999 | |c 277876 |d 277874 | ||
| 952 | |0 0 |1 0 |4 0 |6 511_300000000000000_DIC_1965 |7 0 |8 A |9 316134 |a BIBMAT |b BIBMAT |d 2019-11-20 |i 1307665 |o 511.3 DIC 1965 |p 1307665 |r 2025-01-07 |w 2019-11-20 |y BK |k MAT | ||